000 00826nam a2200241Ia 4500
003 OSt
005 20221002045923.0
006 a|||||r|||| 00| 0
007 ta
008 220930b |||||||| |||| 00| 0 pan d
020 _a9788178563749 (hbk)
_c500
024 _a2535
037 _b697, 21/01/2013, Bright Book Service
_cReference Collections
040 _aCRL
_cCRL
_bpun
041 _2pun
_apun
082 _aT4:5,1, 153Q3(RR)
100 _aਅਕਾਲ ਅੰਮ੍ਰਿਤ ਕੌਰ
245 0 _aਸੰਬਾਦ 2013
260 _aਅੰਮ੍ਰਿਤਸਰ
_b ਵਾਰਿਸ Fਾਹ
_c2013
300 _a223ਪੰ
_ccm.
942 _hT4:5,1, 153Q3(RR)
_cref
_2CC
999 _c913403
_d913403